DOS 5 the easy way : (Record no. 154243)

MARC details
000 -LEADER
fixed length control field 00897aam a2200265 a 4500
008 - FIXED-LENGTH DATA ELEMENTS--GENERAL INFORMATION
fixed length control field
020 ## - INTERNATIONAL STANDARD BOOK NUMBER
International Standard Book Number 069716800X (pbk.
049 ## - LOCAL HOLDINGS (OCLC)
Holding library MAIN
090 ## - LOCALLY ASSIGNED LC-TYPE CALL NUMBER (OCLC); LOCAL CALL NUMBER (RLIN)
Classification number (OCLC) (R) ; Classification number, CALL (RLIN) (NR) QA76.76.O63
003 - CONTROL NUMBER IDENTIFIER
control field
005 - DATE AND TIME OF LATEST TRANSACTION
control field 20230123133750.0
040 ## - CATALOGING SOURCE
Transcribing agency NUST
100 1# - MAIN ENTRY--PERSONAL NAME
Personal name Murdock, Everett.
245 10 - TITLE STATEMENT
Title DOS 5 the easy way :
Remainder of title a hands-on method for learning Microsoft's MS-DOS : for DOS version 5 and all previous versions /
Statement of responsibility, etc. Everett Errol Murdock.
250 ## - EDITION STATEMENT
Edition statement 2nd ed.
260 ## - PUBLICATION, DISTRIBUTION, ETC.
Place of publication, distribution, etc. Dubuque, Iowa :
Name of publisher, distributor, etc. Wm. C. Brown,
Date of publication, distribution, etc. c1993.
300 ## - PHYSICAL DESCRIPTION
Extent xii, 207 p. :
Other physical details ill. ;
Dimensions 28 cm.
500 ## - GENERAL NOTE
General note Previous ed. published under title: DOS the easy way.
500 ## - GENERAL NOTE
General note Includes index.
630 00 - SUBJECT ADDED ENTRY--UNIFORM TITLE
Uniform title MS-DOS (Computer file)
630 00 - SUBJECT ADDED ENTRY--UNIFORM TITLE
Uniform title PC-DOS (Computer file)
700 1# - ADDED ENTRY--PERSONAL NAME
Personal name Murdock, Everett.
Title of a work DOS the easy way.
907 ## - LOCAL DATA ELEMENT G, LDG (RLIN)
a .b10000434
b 16-01-15
c 17-04-03
942 ## - ADDED ENTRY ELEMENTS (KOHA)
Koha item type Ordinary Loan Books
Call number prefix QA76.76.O63
Holdings
Date last seen Total Checkouts Full call number Barcode Cost, replacement price Price effective from Koha item type Lost status Source of classification or shelving scheme Damaged status Not for loan Collection Withdrawn status Home library Current library Shelving location Date acquired Cost, normal purchase price
01/23/2023 1 QA76.76.O63 MUR 92003002767 80.00 01/23/2023 BOOKS   LCC     NFIC   MAIN MAIN GEN 01/23/2023 80.00